[Event "Bezmerov 2014 - Open A"]
[Site "Bezmerov"]
[Date "2014.07.19"]
[Round "7"]
[White "Vavrinkova, Anna"]
[Black "Pechacek, Tomas"]
[Result "1/2-1/2"]
[WhiteElo "1246"]
[BlackElo "1297"]
[LiveChessVersion "1.4.2"]

1. e4 e5 2. Nf3 Nc6 3. Bb5 d6 4. d4 exd4 5. Nxd4 Bd7 6. Bxc6 Bxc6 7. Nc3 Nf6
8. Nxc6 bxc6 9. O-O Be7 10. Bf4 Rb8 11. b3 O-O 12. Qf3 Re8 13. Rad1 Nd7 14. Rd2
Bf6 15. Re1 Bg5 16. Qg4 Bxf4 17. Qxf4 Ne5 18. Re3 Re6 19. Rh3 Rf6 20. Qg5 Qc8
21. Kh1 Rg6 22. Qe7 Qd8 23. Qxd8+ Rxd8 24. f4 Nd7 25. Rhd3 Nc5 26. Rd4 Ne6
27. f5 Nxd4 28. fxg6 Nb5 29. Nxb5 cxb5 30. gxf7+ Kxf7 31. Rd5 a6 32. c4 c6
33. Rd3 Ke6 34. Kg1 Rf8 35. Rh3 h6 36. Rg3 g5 37. Rh3 Rf6 38. Re3 Ke5 39. cxb5
cxb5 40. g3 d5 41. exd5+ Kxd5 42. Rc3 1/2-1/2

[Event "Bezmerov 2014 - Open A"]
[Site "Bezmerov"]
[Date "2014.07.20"]
[Round "8"]
[White "Bosak, Rene"]
[Black "Gresova, Zuzana"]
[Result "0-1"]
[WhiteElo "1279"]
[BlackElo "1581"]
[LiveChessVersion "1.4.2"]

1. e4 c5 2. Nf3 e6 3. d4 cxd4 4. Nxd4 Nf6 5. Nc3 Nc6 6. Be3 Bb4 7. f3 d5 8. Qd3
O-O 9. Be2 dxe4 10. fxe4 Ne5 11. Qb5 Qa5 12. Qxa5 Bxa5 13. Bd3 Bxc3+ 14. bxc3 b6
15. O-O Bb7 16. Rf4 Nxd3 17. cxd3 e5 18. Rf2 Ng4 19. Nc2 Nxf2 20. Bxf2 Rad8
21. Nb4 Rd7 22. Bh4 a5 23. Nc2 Rxd3 24. Bf2 Rxc3 25. Ne1 b5 26. Bb6 Bxe4
27. Bxa5 Rc4 28. a3 Ra8 29. Bd2 b4 30. Bxb4 Rxb4 31. axb4 Rxa1 32. Kf2 Rb1
33. Ke2 Rxb4 34. Ke3 f5 35. Kd2 Rb2+ 36. Kc3 Re2 37. Nd3 Re3 0-1

[Event "Bezmerov 2014 - Open A"]
[Site "Bezmerov"]
[Date "2014.07.20"]
[Round "8"]
[White "Koci, Tomas"]
[Black "Demko, Robert"]
[Result "1/2-1/2"]
[WhiteElo "1364"]
[BlackElo "1536"]
[LiveChessVersion "1.4.2"]

1. d4 d5 2. Nf3 Nf6 3. e3 e6 4. Bd3 Be7 5. b3 O-O 6. Bb2 b6 7. O-O Bb7 8. Nbd2
Nbd7 9. Ne5 Nxe5 10. dxe5 Nd7 11. f4 Nc5 12. Ba3 Nxd3 13. Bxe7 Qxe7 14. cxd3 c5
15. Rf3 d4 16. e4 f6 17. Qe2 fxe5 18. fxe5 Rxf3 19. Qxf3 Rf8 20. Qe2 Qg5 21. Nf3
Qh6 22. Rf1 Ba6 23. Re1 Rd8 24. Kf2 Qe3+ 25. Qxe3 dxe3+ 26. Rxe3 Rxd3 27. Rxd3
Bxd3 28. Ng5 Bb1 29. a3 Ba2 30. b4 cxb4 31. axb4 h6 32. Nf3 Bc4 33. Nd4 Kf7
34. Ke3 Kg6 35. Nc6 a6 36. Ne7+ Kg5 37. Nc8 b5 1/2-1/2

[Event "Bezmerov 2014 - Open A"]
[Site "Bezmerov"]
[Date "2014.07.20"]
[Round "8"]
[White "Stalmach, Richard"]
[Black "Mica, Marek"]
[Result "1-0"]
[WhiteElo "1601"]
[BlackElo "1457"]
[LiveChessVersion "1.4.2"]

1. d4 d5 2. c4 c6 3. Nc3 Nf6 4. Nf3 e6 5. e3 Bb4 6. Bd2 O-O 7. Rc1 Nbd7 8. Bd3
Be7 9. O-O b6 10. Re1 Bb7 11. Qc2 Rc8 12. e4 dxc4 13. Bxc4 h6 14. Bf4 Nh5
15. Bd2 Nhf6 16. Rcd1 Qc7 17. a3 Rfd8 18. Bc1 b5 19. Ba2 a5 20. b3 Qb6 21. Bb1
Bf8 22. e5 g6 23. exf6 Nxf6 24. Ne4 Nxe4 25. Qxe4 Bg7 26. h4 Rd5 27. g4 Rcd8
28. Be3 Qc7 29. h5 g5 30. Qh7+ Kf8 31. Be4 R5d7 32. Nxg5 hxg5 33. Bxg5 f6
34. Bh6 Bxh6 35. Qxh6+ Rg7 36. Qh8+ Kf7 37. Bg6+ Rxg6 38. hxg6+ Kxg6 39. Qh5+
Kg7 40. Rxe6 Bc8 41. Re3 Qd6 42. Rde1 Rd7 43. Re8 f5 44. Qg5+ Kh7 45. Qg8+ Kh6
46. R1e6+ Qxe6 47. Rxe6# 1-0

[Event "Bezmerov 2014 - Open A"]
[Site "Bezmerov"]
[Date "2014.07.20"]
[Round "8"]
[White "Tajovsky, Matej"]
[Black "Gnojek, Petr"]
[Result "0-1"]
[WhiteElo "1447"]
[BlackElo "1568"]
[LiveChessVersion "1.4.2"]

1. e4 c5 2. Nc3 e6 3. g3 d5 4. Bg2 Nf6 5. f4 Be7 6. e5 Nfd7 7. Nf3 O-O 8. O-O
Nc6 9. d3 Qb6 10. Kh1 f6 11. f5 d4 12. fxe6 Ndxe5 13. Nxe5 fxe5 14. Rxf8+ Bxf8
15. Bd5 Ne7 16. Qf3 Qd8 17. Qf7+ Kh8 18. Bg5 dxc3 19. Be4 cxb2 20. Rb1 Bxe6
21. Qxe6 Qc7 22. Qh3 h6 23. Rf1 Qb6 24. Rb1 Rd8 25. Qh4 Rd7 26. g4 Nd5 27. Qf2
Nf6 28. Bxf6 Qxf6 29. Qe2 Qg5 30. Qf1 Qf4 31. Qg1 Bd6 32. Rxb2 b6 33. c3 c4
34. Rf2 Qg5 35. Qf1 Rd8 36. h3 Bc5 37. Rf5 Qe3 38. Rf3 Qd2 39. dxc4 Qd1 40. Bd5
Qc2 41. h4 e4 42. Rf7 Bd6 43. Rf2 Qxc3 44. Bxe4 Qg3 45. Qg2 Qxh4+ 46. Kg1 Bc5
47. Qf3 Bxf2+ 48. Qxf2 Rd1+ 49. Kg2 Qxg4+ 50. Kh2 Qxe4 51. Kg3 Rd3+ 52. Kh2 Qf3
0-1

[Event "Bezmerov 2014 - Open A"]
[Site "Bezmerov"]
[Date "2014.07.20"]
[Round "8"]
[White "Kures, Michael"]
[Black "Odstrcil, Lukas"]
[Result "1-0"]
[WhiteElo "1382"]
[BlackElo "1585"]
[LiveChessVersion "1.4.2"]

1. f4 d5 2. e3 Nc6 3. Bb5 Nf6 4. Bxc6+ bxc6 5. Nf3 Bg4 6. b3 g6 7. Bb2 Bg7
8. O-O O-O 9. Qe2 Qc8 10. Nc3 Ne4 11. Na4 Bxb2 12. Nxb2 Bxf3 13. Rxf3 Qe6
14. Nd3 Rab8 15. Rff1 c5 16. Nf2 Nxf2 17. Qxf2 Qa6 18. e4 Qc6 19. exd5 Qxd5
20. d3 Qd4 21. Kh1 Rb7 22. f5 Rfb8 23. fxg6 Qxf2 24. gxh7+ Kxh7 25. Rxf2 Kg7
26. Re1 e6 27. Ref1 c6 28. Rf4 a5 29. Ra4 Ra8 30. h3 Rb4 31. Rf4 Kg6 32. Rc4 Rb5
33. Kh2 Rd8 34. Rg4+ Kh7 35. Rg3 Rb4 36. Rxa5 Rb5 37. Ra4 Rb4 38. Rg4 Rdb8
39. Raxb4 cxb4 40. Rc4 Ra8 41. Rxb4 Rxa2 42. Rc4 f5 43. Rxc6 Kg7 44. b4 Kf7
45. b5 Rb2 46. b6 Kf6 47. d4 Kg5 48. Rxe6 Rxc2 49. b7 Rb2 50. Re7 Kf6 51. Rc7
Ke6 52. Rh7 Kd5 53. Rd7+ Kc6 54. Rf7 Rxb7 55. Rxb7 Kxb7 56. Kg3 Kc6 57. Kf4 Kd5
58. Kxf5 Kxd4 59. g4 Ke3 60. g5 Kf3 61. g6 Kg3 62. g7 Kxh3 63. g8=Q 1-0

[Event "Bezmerov 2014 - Open A"]
[Site "Bezmerov"]
[Date "2014.07.20"]
[Round "8"]
[White "Vavrinkova, Eliska"]
[Black "Vecera, Dominik"]
[Result "1-0"]
[WhiteElo "1472"]
[BlackElo "1268"]
[LiveChessVersion "1.4.2"]

1. d4 d5 2. Nf3 Nf6 3. c4 e6 4. cxd5 exd5 5. Nc3 Nbd7 6. Bg5 g6 7. Nxd5 b6
8. e4 Bb7 9. Nxf6+ Nxf6 10. e5 Bxf3 11. gxf3 Bb4+ 12. Ke2 Qd5 13. Qa4+ c6
14. Qxb4 Ng8 15. Bh3 h6 16. Bh4 g5 17. Bg3 h5 18. e6 fxe6 19. Be5 Rh7 20. Qb3
Qxb3 21. axb3 Ke7 22. Bg2 h4 23. f4 gxf4 24. Bxc6 Rc8 25. Rxa7+ Kf8 26. Rxh7
Rxc6 27. Rh8 Rc8 28. Rg1 Kf7 29. Rg7+ 1-0

[Event "Bezmerov 2014 - Open A"]
[Site "Bezmerov"]
[Date "2014.07.20"]
[Round "8"]
[White "Pechacek, Tomas"]
[Black "Seleng, Simon"]
[Result "1/2-1/2"]
[WhiteElo "1297"]
[BlackElo "1349"]
[LiveChessVersion "1.4.2"]

1. e4 e5 2. Nf3 Nc6 3. Nc3 Nf6 4. Bb5 Bc5 5. O-O O-O 6. Bxc6 dxc6 7. h3 Re8
8. d3 h6 9. Re1 Bd7 10. Be3 Bd6 11. d4 exd4 12. Bxd4 Bb4 13. Bxf6 gxf6 14. Qd2
Be6 15. Qxh6 f5 16. Re3 Bf8 17. Qh5 f4 18. Ng5 Bg7 19. Rf3 f6 20. Nxe6 Rxe6
21. Rd1 Qe7 22. Rxf4 Re5 23. Qe2 Rd8 24. Rxd8+ Qxd8 25. Rf3 Qe7 26. Nd1 Rxe4
27. Re3 Rxe3 28. Qxe3 Qd6 29. Nc3 Qb4 30. b3 f5 31. Nb1 Qa5 32. a4 Kh8 33. Qd2
Qe5 34. c3 Qe4 35. Na3 Kh7 1/2-1/2

[Event "Bezmerov 2014 - Open A"]
[Site "Bezmerov"]
[Date "2014.07.20"]
[Round "8"]
[White "Richvalsky, Patrik"]
[Black "Slaba, Andrea"]
[Result "1/2-1/2"]
[WhiteElo "1345"]
[BlackElo "1331"]
[LiveChessVersion "1.4.2"]

1. e4 e6 2. Nf3 d5 3. exd5 exd5 4. d4 Bg4 5. Be2 Nf6 6. O-O Bd6 7. Bb5+ c6
8. Re1+ Be6 9. Bd3 O-O 10. h3 Qc7 11. Ne5 Bxe5 12. Rxe5 Nbd7 13. Re3 Rfe8
14. Nc3 Nb6 15. b3 Bd7 16. Rg3 Kh8 17. Be3 Qc8 18. Qf3 Be6 19. Bh6 Rg8 20. Bxg7+
Rxg7 21. Qxf6 Qg8 22. Qxg7+ Qxg7 23. Rxg7 Kxg7 24. Re1 Re8 25. Bf5 h6 26. Bxe6
Rxe6 27. Rxe6 fxe6 28. Ne2 Kf6 29. f4 Kf5 30. g4+ Kf6 31. Kf2 Nd7 32. Kg3 c5
33. c3 b6 34. h4 Kg6 35. g5 h5 36. f5+ Kxf5 37. Nf4 Nf8 38. Nxh5 e5 39. dxe5 Ng6
40. e6 d4 41. cxd4 cxd4 42. e7 Nxe7 43. Nf4 Ng8 44. Kf3 Ne7 45. g6 d3 46. Nxd3
Nxg6 47. h5 Nf8 48. Ke3 Nh7 49. a4 a6 50. Nb4 Kg5 51. Nxa6 Kxh5 52. b4 Nf6
53. a5 Nd5+ 54. Kd4 Nxb4 55. axb6 Nxa6 56. Kd5 Kg5 57. Kc6 Kf6 58. Kb7 Nc5+
59. Kc7 Ke7 60. Kc6 Na6 61. b7 Kd8 62. Kb6 Nb8 63. Ka7 Kc7 1/2-1/2

[Event "Bezmerov 2014 - Open A"]
[Site "Bezmerov"]
[Date "2014.07.20"]
[Round "9"]
[White "Gresova, Zuzana"]
[Black "Vavrinkova, Eliska"]
[Result "1-0"]
[WhiteElo "1581"]
[BlackElo "1472"]
[LiveChessVersion "1.4.2"]

1. e4 d5 2. exd5 Qxd5 3. Nc3 Qd6 4. d4 c6 5. Nf3 Bg4 6. Be3 e6 7. h3 Bh5 8. g4
Bg6 9. Ne5 Nf6 10. Bg2 Qc7 11. Qe2 Bd6 12. Nxg6 hxg6 13. O-O-O Nd5 14. Ne4 Bf4
15. Qf3 Nd7 16. c4 Bxe3+ 17. fxe3 N5f6 18. Rhf1 O-O 19. Ng5 Qa5 20. h4 Qxa2
21. Qe2 Nb6 22. c5 Qc4+ 23. Qxc4 Nxc4 24. Rd3 Nxg4 25. Re1 b6 26. Rc3 Na5 27. b4
Nb7 28. Bxc6 Rab8 29. Ra3 Rfc8 30. Bf3 Nf6 31. Rxa7 Nd5 32. Bxd5 exd5 33. e4
dxe4 34. Rxe4 Nd8 35. Re8# 1-0

[Event "Bezmerov 2014 - Open A"]
[Site "Bezmerov"]
[Date "2014.07.20"]
[Round "9"]
[White "Demko, Robert"]
[Black "Stalmach, Richard"]
[Result "1-0"]
[WhiteElo "1536"]
[BlackElo "1601"]
[LiveChessVersion "1.4.2"]

1. d4 c5 2. e3 d5 3. c4 e6 4. Nc3 Nc6 5. dxc5 dxc4 6. Qxd8+ Kxd8 7. Bxc4 Bxc5
8. Bd2 Nf6 9. Nf3 Ke7 10. O-O-O b6 11. Kb1 Bb7 12. Bc1 Rhd8 13. h3 Rd7 14. Rxd7+
Nxd7 15. Rd1 Rd8 16. a3 Nde5 17. Rxd8 Kxd8 18. Nxe5 Nxe5 19. Bf1 Ke7 20. b4 Bd6
21. Bb2 f5 22. Nb5 Be4+ 23. Ka1 Bb8 24. Nxa7 Bxa7 25. Bxe5 g5 26. f3 Bd5 27. Bb5
h5 28. Kb2 h4 29. Kc3 g4 30. hxg4 fxg4 31. e4 h3 32. exd5 hxg2 33. d6+ Kf7
34. Bd4 e5 35. Bg1 Bb8 36. fxg4 Bxd6 37. Bc6 Kf6 38. Bxg2 Bc7 39. Be3 Ke6
40. Kc4 Kd6 41. Kb5 Kd7 42. Bxb6 Kc8 43. Bxc7 Kxc7 44. g5 Kd7 45. a4 Ke6 46. a5
Kf5 47. a6 Kxg5 48. a7 Kf4 49. a8=Q Kg3 50. Qf3+ Kh2 51. Bf1 e4 52. Qg2# 1-0

[Event "Bezmerov 2014 - Open A"]
[Site "Bezmerov"]
[Date "2014.07.20"]
[Round "9"]
[White "Gnojek, Petr"]
[Black "Kures, Michael"]
[Result "1-0"]
[WhiteElo "1568"]
[BlackElo "1382"]
[LiveChessVersion "1.4.2"]

1. d4 f5 2. c4 e6 3. Nc3 Nf6 4. Bg5 Bb4 5. e3 O-O 6. Ne2 b6 7. Qc2 Bb7 8. O-O-O
Qe7 9. d5 Bxc3 10. Nxc3 Na6 11. Be2 Rad8 12. Bf3 Qf7 13. dxe6 Qxe6 14. Bxb7 Qxc4
15. Bxf6 Rxf6 16. Bd5+ Qxd5 17. Nxd5 Kh8 18. Nxf6 gxf6 19. Qxf5 Kg8 20. Qxf6 Rf8
21. Qg5+ Kf7 22. Rxd7+ Ke6 23. Qe7+ 1-0

[Event "Bezmerov 2014 - Open A"]
[Site "Bezmerov"]
[Date "2014.07.20"]
[Round "9"]
[White "Koci, Tomas"]
[Black "Bosak, Rene"]
[Result "1/2-1/2"]
[WhiteElo "1364"]
[BlackElo "1279"]
[LiveChessVersion "1.4.2"]

1. d4 d5 2. Nf3 Nf6 3. e3 Bg4 4. Be2 e6 5. b3 Nc6 6. Bb2 Bd6 7. Nbd2 O-O 8. O-O
Re8 9. Ne5 Bxe2 10. Qxe2 Nd7 11. f4 f6 12. Nxc6 bxc6 13. Rf3 e5 14. Rh3 exf4
15. Re1 c5 16. Qh5 Nf8 17. Qxd5+ Kh8 18. e4 f3 19. Nxf3 cxd4 20. Bxd4 Ng6
21. Qh5 1/2-1/2

[Event "Bezmerov 2014 - Open A"]
[Site "Bezmerov"]
[Date "2014.07.20"]
[Round "9"]
[White "Mica, Marek"]
[Black "Ruzickova, Ema"]
[Result "1-0"]
[WhiteElo "1457"]
[BlackElo "1038"]
[LiveChessVersion "1.4.2"]

1. d4 d5 2. c4 e5 3. dxe5 d4 4. Nf3 Nc6 5. e3 Bg4 6. Be2 Bc5 7. O-O Nge7 8. h3
Bh5 9. a3 a5 10. exd4 Nxd4 11. Nxd4 Bxd4 12. Bxh5 O-O 13. Nc3 Nf5 14. Bg4 Ng3
15. Re1 f6 16. Bf4 fxe5 17. Bxg3 Qf6 18. Qe2 Rae8 19. Rad1 Bc5 20. Ne4 Qc6
21. Nxc5 Qxc5 22. Qe3 Qxc4 23. Be2 Qc2 24. Qc3 Qf5 25. Bg4 Qf6 26. Rxe5 Qf7
27. Rxe8 Rxe8 28. Rd7 Qf8 29. Rxc7 b6 30. Rc8 Qe7 31. Rxe8+ Qxe8 32. Qc8 Qf8
33. Be6+ Kh8 34. Qxf8# 1-0

[Event "Bezmerov 2014 - Open A"]
[Site "Bezmerov"]
[Date "2014.07.20"]
[Round "9"]
[White "Jancik, Radim"]
[Black "Tajovsky, Matej"]
[Result "0-1"]
[WhiteElo "1335"]
[BlackElo "1447"]
[LiveChessVersion "1.4.2"]

1. e4 c5 2. Nf3 d6 3. d4 cxd4 4. Nxd4 Nf6 5. Nc3 e6 6. Bg5 Be7 7. f4 Nc6
8. Nxc6 bxc6 9. Qf3 Bb7 10. g4 Qc7 11. O-O-O d5 12. exd5 cxd5 13. Bb5+ Kf8
14. Qf2 Bc5 15. Qf1 d4 16. Ne2 Bxh1 17. Qxh1 Rb8 18. Ba4 Qb6 19. Bb3 a5 20. a4
Rc8 21. Rd3 Nd5 22. Bxd5 exd5 23. Qxd5 Qc7 24. Qb3 f6 25. Bh4 Re8 26. Nxd4 Qxf4+
27. Kb1 Bxd4 28. Qc4 Qf1+ 29. Ka2 Bxb2 30. Kxb2 Rb8+ 31. Ka3 Qa1+ 32. Qa2 Qc1+
0-1

[Event "Bezmerov 2014 - Open A"]
[Site "Bezmerov"]
[Date "2014.07.20"]
[Round "9"]
[White "Seleng, Simon"]
[Black "Vsetulová, Viktorie"]
[Result "1-0"]
[WhiteElo "1349"]
[BlackElo "1236"]
[LiveChessVersion "1.4.2"]

1. e4 e5 2. Nf3 Nc6 3. Bc4 Nf6 4. d3 Bc5 5. Nc3 d6 6. Be3 Bb6 7. h3 h6 8. O-O
Be6 9. Bb3 Qd7 10. d4 Bxh3 11. dxe5 Qg4 12. Ne1 dxe5 13. Qxg4 Bxg4 14. Bxb6 axb6
15. Nd3 O-O 16. f3 Bh5 17. Kh1 Nd4 18. Nxe5 Kh8 19. Rfd1 Ne6 20. g4 Bg6
21. Nxg6+ fxg6 22. Bxe6 Rae8 23. Bb3 h5 24. gxh5 Nxh5 25. Kg2 Nf4+ 26. Kf2 Nh3+
27. Kg3 Ng5 28. Rh1+ Nh7 29. Rh3 Rf6 30. Rah1 1-0

[Event "Bezmerov 2014 - Open A"]
[Site "Bezmerov"]
[Date "2014.07.20"]
[Round "9"]
[White "Slaba, Andrea"]
[Black "Pechacek, Tomas"]
[Result "1/2-1/2"]
[WhiteElo "1331"]
[BlackElo "1297"]
[LiveChessVersion "1.4.2"]

1. d4 d5 2. c4 e6 3. e3 Nc6 4. Nc3 Nf6 5. Nf3 Bb4 6. a3 Bxc3+ 7. bxc3 O-O
8. Be2 Re8 9. O-O e5 10. cxd5 Nb8 1/2-1/2